| 000 | 03325nab a2200361 4500 | ||
|---|---|---|---|
| 003 | BR-BrBNA | ||
| 005 | 20240708110807.0 | ||
| 008 | 240708b2017 bl.|r|pooa||| 00| 0 por | | ||
| 040 |
_aBR-BrBNA _bpor |
||
| 072 |
_aL70 _b5400 |
||
| 100 | _aPaes, F. | ||
| 100 | _aFerrigno, C.R.A. | ||
| 100 | _aMarinho, P.V.T. | ||
| 100 | _aMacedo, A.S. | ||
| 100 | _aBregadioli, T. | ||
| 100 | _aDal-Bó, I.S. | ||
| 100 | _aGaleazzi, V.S. | ||
| 100 | _aSantos, J.F. | ||
| 100 | _aFerreira, M.P. | ||
| 245 | _aTransferência de autoenxerto osteocondral para tratamento de osteocondrite dissecante em côndilo femoral de cão | ||
| 500 | _a Publicação online; 12 ref.; 4 Illus.; Summaries (En, Pt) | ||
| 520 | _a RESUMO - Na osteocondrite dissecante (OCD), a articulação do ombro é mais comumente afetada, mas o joelho é ocasionalmente lesionado, o que, muitas vezes, passa desapercebido. O tratamento cirúrgico precoce é indicado para remover cartilagem solta, aliviar a dor e minimizar a artrose. Benefícios putativos da transferência de autoenxerto osteocondral em relação às técnicas convencionais incluem a reconstrução exata do contorno subcondral e articular, recobrimento da superfície com cartilagem hialina e criação de uma barreira imediata entre o líquido sinovial e o osso subcondral. O objetivo deste trabalho é relatar a técnica de transferência de autoenxerto osteocondral para o tratamento da osteocondrite do côndilo femoral. Um cão da raça Bull Terrier foi tratado cirurgicamente por meio da técnica de transferência de autoenxerto osteocondral, após ter sido diagnosticado com OCD do côndilo femoral, apresentando melhora clínica significativa e completa recuperação aos 30 dias de pós-operatório. Palavras-chave: cão, articulação do joelho, ortopedia | ||
| 520 | _a ABSTRACT - In osteochondritis dissecans (OCD), the shoulder joint is most commonly involved, but the stifle is occasionally involved and often goes unnoticed. Early surgical treatment is indicated to remove loose cartilage and minimize osteoartrosis. Putative benefits of Osteochondral Autograft Transfer (OAT) over conventional techniques include accurate reconstruction of subchondral and articular contour, resurfacing with hyaline or hyaline-like cartilage, and creation of an immediate barrier between synovial fluid and subchondral bone. The purpose of this work is to report the technique of OATs for the treatment of osteochondritis of the femoral condyle. A canine attended the Laboratory of Comparative Orthopedics and Traumatology USP-FMVZ underwent surgery after being diagnosed with OCD of the femoral condyle, with significant clinical improvement at 30 days postoperatively. Keywords: dog, stifle, orthopedics, stifle | ||
| 650 | _aCÃO | ||
| 650 | _aCIRURGIA | ||
| 650 | _aARTICULAÇÃO | ||
| 650 | _aORTOPEDIA | ||
| 650 | _aVETERINÁRIA | ||
| 773 | 0 |
_01643 _9316242 _dBelo Horizonte-MG Universidade Federal de Minas Gerais - Escola de Veterinaria 1983 _o2024-2643 _tArquivo Brasileiro de Medicina Veterinária e Zootecnia (Brazil) _x0102-0935 _gv. 69(4) p. 927-932; (2017) _wBR2024001658 |
|
| 856 | _uhttps://www.scielo.br/j/abmvz/a/ZXG5GNjvRpY7gwZYRsnj6TG/?format=pdf&lang=pt | ||
| 942 | _cAnalítica | ||
| 999 |
_c300439 _d300439 |
||